Market forecast (Record no. 78337)

MARC details
000 -LEADER
fixed length control field 01021cab a2200205 4500
001 - CONTROL NUMBER
control field ##L136536
008 - FIXED-LENGTH DATA ELEMENTS--GENERAL INFORMATION
fixed length control field 070206n2007 000 0 eng u
035 ## - SYSTEM CONTROL NUMBER
System control number (Sirsi) u136536
041 0# - LANGUAGE CODE
Language code of text/sound track or separate title eng
100 1# - MAIN ENTRY--PERSONAL NAME
Personal name Fordham, Peter
245 00 - TITLE STATEMENT
Title Market forecast
260 ## - PUBLICATION, DISTRIBUTION, ETC.
Date of publication, distribution, etc. 2007
490 #0 - SERIES STATEMENT
Series statement Building
Volume/sequential designation 272(8465) 2 February 2007, 64-66(3)
520 ## - SUMMARY, ETC.
Summary, etc. Davis Langdon's Tender Price Index reveals building prices in Greater London increased by 2% in the fourth quarter 2006 and by 6% over the year. The Building Cost Index shows a rise of 5.9% in the year to the fourth quarter 2006, and the Retail Prices Index rose to 4.4% in December 2006. Article also provides a review of construction activity and material prices in 2006, a forecast of construction activity, input costs and tender prices for 2007, and a discussion about the polarising London market.
590 ## - LOCAL NOTE (RLIN)
Local note KA
650 24 - SUBJECT ADDED ENTRY--TOPICAL TERM
Topical term or geographic name entry element DAVIS LANGDON TENDER PRICE INDEX
651 #4 - SUBJECT ADDED ENTRY--GEOGRAPHIC NAME
Geographic name United Kingdom
Chronological subdivision
690 ## - LOCAL SUBJECT ADDED ENTRY--TOPICAL TERM (OCLC, RLIN)
Topical term or geographic name as entry element BUILT ENVIRONMENT-CONSTRUCTION MARKET
942 ## - ADDED ENTRY ELEMENTS (KOHA)
Suppress in OPAC 0
Holdings
Withdrawn status Lost status Source of classification or shelving scheme Damaged status Not for loan Home library Current library Shelving location Date acquired Total Checkouts Full call number Barcode Date last seen Copy number Price effective from Koha item type
    Dewey Decimal Classification     London London Journal article 06/02/2007   L136536 136536-1001 06/08/2019 1 06/08/2019 Journal article